| 000 | 00477nam a22001577a 4500 | ||
|---|---|---|---|
| 003 | OSt | ||
| 005 | 20150921123806.0 | ||
| 008 | 150921b xxu||||| |||| 00| 0 eng d | ||
| 040 | _cRUA | ||
| 082 | _aAGR SAN 2006 BO33 Or.1 | ||
| 100 |
_91006 _aSANN,SOTHY |
||
| 245 | _aCRON MARKETING IN PHNOM PHEN,(ទីផ្សារពោតក្នុងរាជធានីភ្នំពេញ). | ||
| 260 |
_aPJNOM PHEN _bRUA _c2006 |
||
| 300 |
_aXI,42P. _bILL. _c29CM. |
||
| 942 |
_2ddc _cAGR |
||
| 999 |
_c964 _d964 |
||